| 000 | 00362nam a2200145Ia 4500 | ||
|---|---|---|---|
| 008 | 230917s9999||||xx |||||||||||||| ||und|| | ||
| 040 |
_e50761 _aMAIN |
||
| 041 | _aEnglish | ||
| 082 | _a829.442 T126C | ||
| 100 | _aNatir Puja | ||
| 245 | 0 | _aRabindranath Tagore : The court dancer | |
| 260 |
_aCalcutta _bWriters Workshop _c1979 |
||
| 300 | _a72 p. | ||
| 942 | _cBK | ||
| 999 |
_c36229 _d36229 |
||